[Event "ITA-ch U20"]
[Site "Tarvisio"]
[Date "2023.07.02"]
[Round "1"]
[White "Nardoni, Matteo"]
[Black "Giannelli, Filippo"]
[Result "1-0"]
[WhiteElo "1759"]
[BlackElo "1002"]
[PlyCount "63"]
[EventDate "2023.07.02"]
[EventType "swiss"]
[EventRounds "9"]
[EventCountry "ITA"]
[SourceTitle "EXT 2024"]
[Source "ChessBase"]
[SourceDate "2023.10.10"]
[SourceVersion "1"]
[SourceVersionDate "2023.10.10"]
[SourceQuality "1"]

1. e4 e5 2. Nf3 Nc6 3. Bb5 a6 4. Ba4 Nf6 5. 0-0 b5 6. Bb3 Bb7 7. Re1 Bc5 8. h3 0-0 9. c3 b4 10. d4 exd4 11. cxd4 Bb6 12. Bg5 h6 13. Bf4 Ne7 14. Nbd2 Ng6 15. Bh2 c5 16. d5 Re8 17. Bc2 Nh5 18. Nc4 Bc7 19. e5 Qb8 20. Qd3 a5 21. g4 Nhf4 22. Bxf4 Nxf4 23. Qh7+ Kf8 24. d6 Ng6 25. Nh4 Bd5 26. Nxg6+ fxg6 27. Bxg6 Bxc4 28. Qh8+ Bg8 29. dxc7 Qxc7 30. Bxe8 Rxe8 31. Re3 Ke7 32. Qxg7+ 1-0